| 000 | 00851cam a22002775a 4500 | ||
|---|---|---|---|
| 001 | 017366867 | ||
| 003 | OSt | ||
| 005 | 20161204141522.0 | ||
| 008 | 150511t2016 enka frb 001 0 eng d | ||
| 020 | _a9781292102863 | ||
| 020 | _a1292102861 | ||
| 040 |
_aStDuBDS _beng _cStDuBDS _dUk _dEG-ScBUE |
||
| 082 | 0 | 4 |
_a302.2 _222 _bBEE |
| 100 | 1 |
_aBeebe, Steven A., _d1950- |
|
| 245 | 1 | 0 |
_aCommunication : _bprinciples for a lifetime / _cSteven A. Beebe, Susan J. Beebe, Diana K. Ivy. |
| 250 | _a6th ed., Global ed. | ||
| 260 |
_aHarlow : _bPearson Education Limited, _cc.2016. |
||
| 300 |
_a470 p. : _bill. ; _c28 cm. |
||
| 504 | _aIncludes bibliographical references and index. | ||
| 650 | 7 |
_aCommunication. _2BUEsh _913476 |
|
| 651 | _2BUEsh | ||
| 653 |
_bNNUR _cDecember2016 |
||
| 700 | 1 | _aBeebe, Susan J. | |
| 700 | 1 | _aIvy, Diana K. | |
| 942 | _2ddc | ||
| 999 |
_c23438 _d23410 |
||